Statistiques concernant Candidat Star Academy 2023

Cliquez ici pour prendre le quiz!

Statistiques générales

  • Ce quiz a été pris 817 fois
  • Le résultat moyen est 11 sur 12

Statistiques - réponses

Candidat% Correct
Pierre
100%
Helena
98%
Julien
98%
Lenie
96%
Axel
95%
Candice
94%
Djebril
94%
Clara
93%
Margot
92%
Victorien
91%
Lola
90%
Marie Maud
90%

Distribution des résultats

Percentile par nombre de réponses

% des personnes avec chaque résultat

Votre développement - résultats

Vous n’avez pas pris ce quiz